| 000 | 00449nam a2200169Ia 4500 | ||
|---|---|---|---|
| 008 | 220204s9999 xx 000 0 und d | ||
| 082 |
_a631(540) _bBHA;1 |
||
| 100 | _aALAGH, Y K | ||
| 245 | 0 | _aPerformance of Indian agriculture | |
| 260 |
_aNew Delhi _bSterling _c1979 |
||
| 650 | _aAgriculture | ||
| 650 | _aFoodgrain production | ||
| 650 | _aNon foodgrain production | ||
| 650 | _aOil seed production | ||
| 700 | _aBHALLA, G S | ||
| 942 | _cBK | ||
| 999 |
_c35939 _d35939 |
||